000 01083nam a2200313Ia 4500
001 Para_8921
003 CHAP
008 220125s2004 xx 000 0 und d
010 _a207662
040 _cCHAP
090 _aPA TESIS 1864
100 _aTecuautzin Paredes, Martha Leticia
_9111980
245 _aPorcentajes de infestación natural de Apion spp. (Coleoptera :
_bApionidae) en cuatro variedades de frijol, en Chapingo, México /
_c por Martha Leticia Tecuautzin Paredes
260 _aChapingo, Méx. :
_b el autor
300 _a56 h.
502 _aTesis (Ing. Agr. Esp. en Parasitología Agrícola) -- UACh. Departamento Parasitología Agrícola
650 _aApion aurichalceum
_96294
650 _aApion godmani
_96295
650 _aEjote
_x plagas
_936076
650 _aFrijol
_x plagas
_943415
710 _aUACh. Departamento Parasitología Agrícola
_9164025
901 _aPA TESIS 1864
902 _aA
905 _a0000002004 in 0000000000 00
910 _a2004
942 _cPARA
942 _cPARA
_d1
999 _c207662
_d207662